Options, Future and Other Derivatives/ (Record no. 196620)

MARC details
000 -LEADER
fixed length control field 00658nam a22002057a 4500
005 - DATE AND TIME OF LATEST TRANSACTION
control field 20230814131113.0
010 ## - LCCN (DPL NO)
LC control number ENG-137449
020 ## - INTERNATIONAL STANDARD BOOK NUMBER
International Standard Book Number 9789392970962
Terms of availability 879.00
035 ## - SYSTEM CONTROL NUMBER
System control number EN-120981
037 ## - SOURCE OF ACQUISITION
Source of stock number/acquisition DBAD/PUB
082 ## - DEWEY DECIMAL CLASSIFICATION NUMBER
Classification number 613332.645
100 ## - MAIN ENTRY--PERSONAL NAME
Personal name Hull, John C.
245 ## - TITLE STATEMENT
Title Options, Future and Other Derivatives/
Statement of responsibility, etc By John C. Hull
250 ## - EDITION STATEMENT
Edition statement 11TH EDITION
260 ## - PUBLICATION, DISTRIBUTION, ETC. (IMPRINT)
Place of publication, distribution, etc UTTAR PRADESH
Name of publisher, distributor, etc PERSON INDIA EDUCATION SERVICES Pvt. Ltd
270 ## - ADDRESS
Address 15TH FLOOR, TOWER-B WORLD TRADE TOWER,PLOT NO. 1, BLOCK-C , SECTOR 16
City NOIDA
Postal code 201301
300 ## - PHYSICAL DESCRIPTION
Extent 893p.
Dimensions 25cm,
700 ## - ADDED ENTRY--PERSONAL NAME
Personal name SANKARSHAN BASU
942 ## - ADDED ENTRY ELEMENTS (KOHA)
Source of classification or shelving scheme Dewey Decimal Classification
Item type English Books
Call number suffix HUL
Classification part 332.645
Edition 11
Holdings
Withdrawn status Lost status Not for loan Collection code Home library Current library Date acquired Source of acquisition Cost, normal purchase price Full call number Barcode Copy number Cost, replacement price Koha item type
      Non-fiction Kadipur Kadipur 19/07/2023 DBAD/PUB 879.00 332.645 HUL EN-120981 1 879.00 English Books

© Delhi Public Library
Hit Counter
free hit counter